000 00578nam a2200181Ia 4500
008 151202s9999||||xx |||||||||||||| ||und||
082 _bPNVM-63661
100 _aबर्वे सुचिता.
245 _aफरपट.
260 _bअभिषेक टाईपसेटर्स अ‍ॅण्ड पाब्लिशर्स पुणे.
260 _c63661
300 _a308
600 _aबर्वे सुचिता.
630 _aफरपट.
700 _aबर्वे सुचिता.
730 _aफरपट.
942 _cBOOK
999 _c1330195
_d1330192